Các văn bản pháp luật về giải quyết tranh chấp kinh tế
v.v...
Đã lưu trong:
| Định dạng: | Sách |
|---|---|
| Năm xuất bản: |
H.
Chính trị Quốc gia
1997
|
| Chủ đề: | |
| Tags: |
Thêm thẻ
Không có thẻ, Hãy là người đầu tiên gắn thẻ bản ghi này!
|
| LEADER | 00862nam a2200205 4500 | ||
|---|---|---|---|
| 082 | |a 343.59707 |b C101v. | ||
| 100 | |a | ||
| 245 | |a Các văn bản pháp luật về giải quyết tranh chấp kinh tế |c Nước cộng hòa xã hội chủ nghĩa Việt Nam | ||
| 260 | |a H. |b Chính trị Quốc gia |c 1997 | ||
| 300 | |a 258 tr. |c 21 cm | ||
| 520 | |a v.v... | ||
| 653 | |a Pháp luật | ||
| 653 | |a kinh tế | ||
| 653 | |a tranh chấp kinh tế | ||
| 653 | |a văn bản pháp luật | ||
| 653 | |a Việt Nam | ||
| 942 | |2 ddc |c STK0 | ||
| 999 | |c 9565 |d 9565 | ||
| 952 | |0 0 |1 0 |2 ddc |4 0 |6 343_597070000000000_C101V |7 0 |8 300 |9 76209 |a qbu |b qbu |c D2 |d 2015-05-25 |g 21500 |o 343.59707 C101v. |p 9637.c1 |r 0000-00-00 |w 2015-05-25 |y STK0 | ||
| 952 | |0 0 |1 0 |2 ddc |4 0 |6 343_597070000000000_C101V |7 0 |8 300 |9 76210 |a qbu |b qbu |c D2 |d 2015-05-25 |g 21500 |o 343.59707 C101v. |p 9637.c2 |r 0000-00-00 |w 2015-05-25 |y STK0 | ||